00319nam a2200121Ia 4500008004100000041001200041082001600053100001700069245007000086260002600156300000700182650000800189221030s9999 xx 000 0 und d aEnglish a105.23bSha aM. C. Sharma 0aLearning By Experiments CMOS Integrated Circuitscby M. C. Sharma bBPB PubaNew Delhic0 a95 aECE